000 00547nam a2200229Ia 4500
003 OSt
005 20220912144335.0
006 a|||||r|||| 00| 0
007 ta
008 220909b |||||||| |||| 00| 0 eng d
020 _aSL0226868
024 _a196230
037 _cTextual
040 _aCSL
_beng
_cCSL
041 _aeng
082 _aY17, 113J7.4
100 _aSaller Karl
245 0 _aLehrbuch der Anthropologie
700 _aSaller Karl
942 _hY17, 113J7.4
_cTEXL
_2CC
999 _c5419
_d5419